000 00788nam a22002177a 4500
008 090220t xxu||||| |||| 00| 0 eng d
010 _aENG-93052
020 _c150.00
035 _aEN-76585
037 _bDBAD / PUB
040 _adpl
_bEnglish
082 _a485
100 _aKavitha, S.P.
245 _aEnglish grammar for communication and usage /
_bby S.P. Kavitha
260 _aChennai
_bThe Parkar
_c2008
270 _a293, Ahamed Complex, 2nd Floor, Royapettah High Road, Royapettah,
_bChennai
_e 600014
300 _a164p.
_c21cm (pbk)
650 _aEnglish language
_xGrammar
942 _2ddc
_cEN
_mKAV
_h485
999 _c24779
_d24779